000 00480nam a22001577a 4500
003 NUST
038 _aMr. Zahoor
082 _a621.3
100 _aFarkhanda Rasheed
_915494
245 _aWorkflow Optimization through Business Process Reenginering for Tele-Cardiac System by
_cFarkhanda Rasheed
260 _aIslamabad :
_bCEME - NUST,
_c2015.
300 _axii, 53 p. : ill. ;
_c30 cm.
500 _aHardcover.
600 _2Computer Engineering - MS Thesis
942 _2ddc
_cTHE
999 _c524701
_d524701